Normal view
MARC view
- News audiences
Entry Topical Term
001 - CONTROL NUMBER
- control field: 1603
003 - CONTROL NUMBER IDENTIFIER
- control field: NUST
005 - DATE AND TIME OF LATEST TRANSACTION
- control field: 20170530121548.0
008 - FIXED-LENGTH DATA ELEMENTS
- fixed length control field: 170530|| aca||aabn | a|a d
040 ## - CATALOGING SOURCE
- Original cataloging agency: NUST
- Transcribing agency: NUST
150 ## - HEADING--TOPICAL TERM
- Topical term or geographic name entry element: News audiences
- Geographic subdivision: United States
- General subdivision: History
- Chronological subdivision: 21st century.
670 ## - SOURCE DATA FOUND
- Source citation: Work cat.: (NUST)0: Batsell, Jake, author. 1601, Engaged journalism :
